[Event "Famalicao op 11th"]
[Site "Vila Nova de Famalicao"]
[Date "2024.07.27"]
[Round "8"]
[White "Ribeiro, Rodrigo"]
[Black "Monteiro, Jose Macedo"]
[Result "1-0"]
[WhiteElo "2196"]
[BlackElo "1926"]
[PlyCount "145"]
[EventDate "2024.07.22"]
[EventType "swiss"]
[EventRounds "9"]
[EventCountry "POR"]
[SourceTitle "CBM 221 Extra"]
[Source "ChessBase"]
[SourceDate "2024.09.30"]
[SourceVersion "1"]
[SourceVersionDate "2024.09.30"]
[SourceQuality "1"]

1. d4 Nf6 2. c4 e6 3. Nf3 c5 4. e3 cxd4 5. exd4 d5 6. Nc3 Bb4 7. a3 Be7 8. Bf4 a6 9. c5 Nc6 10. Na4 Ne4 11. Nb6 Ra7 12. h4 0-0 13. b4 f6 14. Be3 e5 15. dxe5 Be6 16. Nd4 Nxd4 17. Qxd4 fxe5 18. Qxe5 Bf7 19. Nxd5 Bxd5 20. Rd1 Nf6 21. Bg5 Qe8 22. Rxd5 Nxd5 23. Qxd5+ Kh8 24. Be3 Qc6 25. Qb3 Raa8 26. Bc4 Rad8 27. 0-0 Bxh4 28. a4 Bf6 29. b5 axb5 30. axb5 Qd7 31. Be2 Be5 32. Qc4 Bb8 33. Bf3 Qc7 34. Qh4 Rde8 35. Rc1 Re6 36. Be4 h6 37. Bd5 Re5 38. Bf3 Qe7 39. Qxe7 Rxe7 40. c6 bxc6 41. Bc5 Rxf3 42. gxf3 Re6 43. Bb6 Rg6+ 44. Kf1 c5 45. Bxc5 Bc7 46. Bd4 Bb6 47. Be5 Kg8 48. Rc6 Kf7 49. Bd6 Bd4 50. b6 Bxb6 51. Rxb6 Kg8 52. Rb8+ Kh7 53. Be5 h5 54. Rb7 Kh6 55. Bf4+ Kh7 56. Rb5 Rf6 57. Rxh5+ Kg6 58. Rg5+ Kf7 59. Rg4 g6 60. Kg2 Ra6 61. Be3 Ra5 62. Rb4 Ra6 63. f4 Ra5 64. Kf3 Ra6 65. Rb7+ Kf8 66. Kg4 Ra5 67. Bd4 Rd5 68. Be5 Rd1 69. Kg5 Rg1+ 70. Kf6 Ke8 71. Re7+ Kf8 72. Rh7 Ke8 73. Rg7 1-0

[Event "Famalicao op 11th"]
[Site "Vila Nova de Famalicao"]
[Date "2024.07.26"]
[Round "7"]
[White "Monteiro, Jose Macedo"]
[Black "Garcia Molina, Jose"]
[Result "1/2-1/2"]
[WhiteElo "1926"]
[BlackElo "2229"]
[PlyCount "44"]
[EventDate "2024.07.22"]
[EventType "swiss"]
[EventRounds "9"]
[EventCountry "POR"]
[SourceTitle "CBM 221 Extra"]
[Source "ChessBase"]
[SourceDate "2024.09.30"]
[SourceVersion "1"]
[SourceVersionDate "2024.09.30"]
[SourceQuality "1"]

1. e4 c5 2. Nf3 d6 3. d4 cxd4 4. Nxd4 Nf6 5. Nc3 a6 6. Be2 e5 7. Nb3 Be7 8. 0-0 0-0 9. Be3 Be6 10. f4 exf4 11. Bxf4 Nc6 12. Kh1 Ne5 13. Nd4 Rc8 14. Nxe6 fxe6 15. Bxe5 dxe5 16. Qxd8 Rfxd8 17. Bd3 Bc5 18. h3 Kf7 19. Rf3 Rc7 20. g4 h6 21. Ne2 Ke7 22. Raf1 Rh8 1/2-1/2

[Event "Lisbon Portugal op"]
[Site "Lisbon"]
[Date "2020.01.29"]
[Round "6"]
[White "Monteiro, Jose Macedo"]
[Black "Tscharotschkin, Michael"]
[Result "0-1"]
[WhiteElo "1881"]
[BlackElo "2156"]
[PlyCount "98"]
[EventDate "2020.01.25"]
[EventType "swiss"]
[EventRounds "9"]
[EventCountry "POR"]
[SourceTitle "CBM 194"]
[Source "ChessBase"]
[SourceDate "2020.02.29"]
[SourceVersion "1"]
[SourceVersionDate "2020.02.29"]
[SourceQuality "1"]

1. e4 e6 2. d4 d5 3. Nc3 Bb4 4. exd5 exd5 5. Bd3 c6 6. a3 Bd6 7. h3 Qf6 8. Nf3 h6 9. 0-0 Ne7 10. Re1 Be6 11. Ne5 Nd7 12. Qe2 g5 13. Bd2 h5 14. Qe3 Rg8 15. g4 hxg4 16. hxg4 Qh8 17. Kg2 Bxe5 18. Rh1 Qf6 19. dxe5 Nxe5 20. f3 Nxd3 21. Qxd3 Ng6 22. Rae1 0-0-0 23. Na4 Rh8 24. Kg3 Rxh1 25. Rxh1 d4 26. Qe4 Bd5 27. Qf5+ Qxf5 28. gxf5 Ne5 29. Bxg5 Rg8 30. Kf4 Nxf3 31. Bf6 b6 32. b4 Re8 33. Rh8 Rxh8 34. Bxh8 Ne1 35. Bxd4 Nxc2 36. Bb2 Ne1 37. Bc3 Ng2+ 38. Ke5 Ne3 39. Bd4 Nc4+ 40. Kf6 Nxa3 41. Bxb6 axb6 42. Nxb6+ Kc7 43. Nxd5+ cxd5 44. Kxf7 d4 45. Ke6 Nb5 46. f6 Nd6 47. b5 d3 48. b6+ Kc6 49. b7 Nxb7 0-1

[Event "Lisbon Portugal op"]
[Site "Lisbon"]
[Date "2020.01.26"]
[Round "2"]
[White "Monteiro, Jose Macedo"]
[Black "Dong, Rafael"]
[Result "1-0"]
[WhiteElo "1881"]
[BlackElo "1656"]
[PlyCount "89"]
[EventDate "2020.01.25"]
[EventType "swiss"]
[EventRounds "9"]
[EventCountry "POR"]
[SourceTitle "EXT 2021"]
[Source "ChessBase"]
[SourceDate "2020.10.23"]
[SourceVersion "1"]
[SourceVersionDate "2020.10.23"]
[SourceQuality "1"]

1. e4 c6 2. d4 d5 3. exd5 cxd5 4. Bd3 Nc6 5. c3 Nf6 6. Bf4 Bg4 7. Qb3 Qd7 8. Nd2 e6 9. Ngf3 Bd6 10. Ne5 Qc7 11. Bb5 a6 12. Qa4 Bxe5 13. Bxe5 Qd8 14. Bd3 b5 15. Qc2 Nxe5 16. dxe5 Nd7 17. a4 Nxe5 18. axb5 Nxd3+ 19. Qxd3 Bf5 20. Qe2 axb5 21. Qxb5+ Ke7 22. Qb4+ Kf6 23. 0-0 Qb8 24. Qh4+ g5 25. Qh6+ Bg6 26. Rxa8 Qxa8 27. Nf3 Qa2 28. Qxg5+ Kg7 29. Qe5+ Kg8 30. b4 h6 31. Nh4 Kh7 32. Nxg6 fxg6 33. Qxe6 Rg8 34. h3 Qb3 35. Qe5 h5 36. f4 Qa2 37. f5 gxf5 38. Qxf5+ Kh6 39. Qf4+ Kh7 40. Qf3 Kh6 41. Re1 Qd2 42. Re6+ Rg6 43. Qf8+ Kg5 44. h4+ Kxh4 45. Rxg6 1-0

[Event "Famalicao op 7th"]
[Site "Vila Nova de Famalicao"]
[Date "2019.07.31"]
[Round "5"]
[White "Rodrigues, Afonso"]
[Black "Monteiro, Jose Macedo"]
[Result "1-0"]
[WhiteElo "2134"]
[BlackElo "1851"]
[PlyCount "55"]
[EventDate "2019.07.28"]
[EventType "swiss"]
[EventRounds "9"]
[EventCountry "POR"]
[SourceTitle "CBM 191 Extra"]
[Source "ChessBase"]
[SourceDate "2019.09.30"]
[SourceVersion "1"]
[SourceVersionDate "2019.09.30"]
[SourceQuality "1"]

1. d4 Nf6 2. Bf4 c5 3. c3 cxd4 4. cxd4 Qa5+ 5. Nc3 Nc6 6. Nf3 d6 7. a3 Bg4 8. b4 Qf5 9. Bg3 e5 10. d5 Bxf3 11. exf3 Nd4 12. Bd3 Qd7 13. 0-0 Rc8 14. Ne2 Nxe2+ 15. Qxe2 Be7 16. Bb5 Rc6 17. dxc6 bxc6 18. Ba4 0-0 19. Rac1 Rc8 20. Rc2 Nh5 21. Rfc1 Bg5 22. Rd1 Qe6 23. Rxc6 Rd8 24. Qc4 Qe7 25. Rc7 Qf6 26. Bb3 Rf8 27. Qd5 Bf4 28. Qxd6 1-0

[Event "Las Palmas Montalvo Memorial 12th"]
[Site "Las Palmas"]
[Date "2019.04.18"]
[Round "7"]
[White "Sosa Suarez, Carla Cristina"]
[Black "Monteiro, Jose Macedo"]
[Result "1-0"]
[WhiteElo "1981"]
[BlackElo "1868"]
[PlyCount "55"]
[EventDate "2019.04.13"]
[EventType "swiss"]
[EventRounds "9"]
[EventCountry "ESP"]
[SourceTitle "CBM 189 Extra"]
[Source "ChessBase"]
[SourceDate "2019.05.31"]
[SourceVersion "1"]
[SourceVersionDate "2019.05.31"]
[SourceQuality "1"]

1. e4 c5 2. Nf3 d6 3. d4 cxd4 4. Nxd4 Nf6 5. Nc3 a6 6. Bg5 e6 7. f4 Be7 8. Qf3 Qc7 9. 0-0-0 Nbd7 10. g4 h6 11. Bxf6 Bxf6 12. h4 Be7 13. g5 hxg5 14. hxg5 Rxh1 15. Qxh1 b5 16. g6 Nf6 17. e5 Bb7 18. Bg2 Bxg2 19. Qxg2 Rc8 20. exf6 Bxf6 21. Qe4 Qc4 22. Qd3 fxg6 23. Qxg6+ Ke7 24. Qe4 Kf7 25. Rd3 b4 26. b3 Qc7 27. Qxe6+ Kf8 28. Rh3 1-0

[Event "Famalicao op 6th"]
[Site "Famalicao"]
[Date "2018.08.04"]
[Round "9"]
[White "Monteiro, Jose Macedo"]
[Black "Martins, Diogo Faria Oliveir"]
[Result "0-1"]
[WhiteElo "1899"]
[BlackElo "1952"]
[PlyCount "58"]
[EventDate "2018.07.29"]
[EventType "swiss"]
[EventRounds "9"]
[EventCountry "POR"]
[SourceTitle "CBM 185 Extra"]
[Source "ChessBase"]
[SourceDate "2018.07.29"]
[SourceVersion "1"]
[SourceVersionDate "2018.07.29"]
[SourceQuality "1"]

1. Nf3 g6 2. d4 Nf6 3. b3 Bg7 4. Bb2 0-0 5. Nbd2 d6 6. e4 Nbd7 7. Be2 e5 8. 0-0 Re8 9. Bd3 exd4 10. Bxd4 b6 11. b4 c5 12. Bc3 Bb7 13. Re1 cxb4 14. Bxb4 Nc5 15. Bxc5 dxc5 16. Rb1 Qc7 17. Re2 c4 18. Nxc4 Nxe4 19. Qe1 Bc3 20. Nfd2 Nf6 21. Rb3 Rxe2 22. Qxe2 Re8 23. Qd1 Bd4 24. Rb1 Qf4 25. Nf3 Ng4 26. Qd2 Bxf2+ 27. Kf1 Be3 28. Nxe3 Rxe3 29. Kg1 Rxf3 0-1

[Event "Famalicao op 6th"]
[Site "Famalicao"]
[Date "2018.07.30"]
[Round "3"]
[White "Monteiro, Jose Macedo"]
[Black "Soares, Sara Joana de Moura"]
[Result "1-0"]
[WhiteElo "1899"]
[BlackElo "1427"]
[PlyCount "60"]
[EventDate "2018.07.29"]
[EventType "swiss"]
[EventRounds "9"]
[EventCountry "POR"]
[SourceTitle "CBM 185 Extra"]
[Source "ChessBase"]
[SourceDate "2018.07.29"]
[SourceVersion "1"]
[SourceVersionDate "2018.07.29"]
[SourceQuality "1"]

1. e4 e5 2. Nf3 Nc6 3. Bb5 a6 4. Ba4 Nf6 5. 0-0 Be7 6. Re1 b5 7. Bb3 0-0 8. c3 d6 9. h3 Na5 10. Bc2 c5 11. d4 cxd4 12. cxd4 Qc7 13. Nbd2 Bd7 14. Nf1 Rac8 15. Bd3 Nc6 16. Be3 Nb4 17. Rc1 Qb8 18. Bb1 Rxc1 19. Bxc1 Nc6 20. d5 Na5 21. g4 h6 22. Ng3 Kh7 23. g5 Ng8 24. Kh2 Rc8 25. Nf5 Qb6 26. Be3 Qd8 27. gxh6 Nxh6 28. Rg1 Nxf5 29. exf5 Nc4 30. f6+ Kg8 1-0

[Event "Guimaraes op"]
[Site "Guimaraes"]
[Date "2017.09.06"]
[Round "7"]
[White "Goncalves, Lucas Jordao"]
[Black "Monteiro, Jose Macedo"]
[Result "0-1"]
[WhiteElo "1342"]
[BlackElo "1904"]
[PlyCount "96"]
[EventDate "2017.09.02"]
[EventType "swiss"]
[EventRounds "7"]
[EventCountry "POR"]
[SourceTitle "CBM 180 Extra"]
[Source "ChessBase"]
[SourceDate "2017.10.06"]
[SourceVersion "1"]
[SourceVersionDate "2017.10.06"]
[SourceQuality "1"]

1. e4 c5 2. Nf3 d6 3. Bb5+ Bd7 4. Bxd7+ Qxd7 5. c3 Qg4 6. Qa4+ Nc6 7. 0-0 Nf6 8. d3 g6 9. h3 Qd7 10. Bg5 Bg7 11. Re1 0-0 12. Qc2 h6 13. Bxf6 Bxf6 14. Nbd2 b5 15. Nf1 a5 16. Ne3 e6 17. Qd2 Bg7 18. Rad1 b4 19. c4 a4 20. e5 Nxe5 21. Nxe5 Bxe5 22. Ng4 Bg7 23. Nxh6+ Kh7 24. Ng4 f5 25. Nh2 a3 26. b3 Bc3 27. Qe3 Bxe1 28. Rxe1 Rae8 29. d4 Qc7 30. Nf3 Kg7 31. Ng5 e5 32. d5 Qd7 33. Ne6+ Rxe6 34. dxe6 Qxe6 35. f4 e4 36. Rd1 Kf7 37. Rd5 Ke7 38. Kh2 Qf6 39. Rd2 Rg8 40. g4 g5 41. gxf5 Qxf5 42. fxg5 Qe5+ 43. Kh1 Rxg5 44. Rd5 Qa1+ 45. Kh2 Qb2+ 46. Rd2 Qe5+ 47. Kh1 Rg3 48. Qh6 Qa1+ 0-1

[Event "Guimaraes op"]
[Site "Guimaraes"]
[Date "2017.09.05"]
[Round "6"]
[White "Monteiro, Jose Macedo"]
[Black "Duarte, Francisco"]
[Result "1-0"]
[WhiteElo "1904"]
[BlackElo "1217"]
[PlyCount "67"]
[EventDate "2017.09.02"]
[EventType "swiss"]
[EventRounds "7"]
[EventCountry "POR"]
[SourceTitle "CBM 180 Extra"]
[Source "ChessBase"]
[SourceDate "2017.10.06"]
[SourceVersion "1"]
[SourceVersionDate "2017.10.06"]
[SourceQuality "1"]

1. e4 e5 2. Nf3 Nc6 3. Bb5 Nf6 4. d4 exd4 5. e5 a6 6. Bxc6 dxc6 7. exf6 Qxf6 8. Qxd4 Qg6 9. 0-0 Be6 10. Nc3 Bd6 11. Qe4 Qf6 12. Bg5 Qg6 13. Qxg6 fxg6 14. Rfe1 Kf7 15. Ne5+ Bxe5 16. Rxe5 Rhe8 17. Rae1 h6 18. Bh4 g5 19. Bg3 Rad8 20. h4 g4 21. Rd1 Rxd1+ 22. Nxd1 Bxa2 23. Rxe8 Kxe8 24. Bxc7 Kd7 25. Be5 g6 26. b3 Bb1 27. Ne3 h5 28. Kf1 Ke6 29. Bc3 b5 30. Ke2 c5 31. Kd2 Kd6 32. Kc1 Bxc2 33. Kxc2 Kc6 34. Kd3 1-0

[Event "Famalicao op 5th"]
[Site "Famalicao"]
[Date "2017.07.29"]
[Round "1"]
[White "Monteiro, Jose Macedo"]
[Black "Tendinha, Francisco Neves"]
[Result "1-0"]
[WhiteElo "1894"]
[BlackElo "1102"]
[PlyCount "53"]
[EventDate "2017.07.29"]
[EventType "swiss"]
[EventRounds "9"]
[EventCountry "POR"]
[SourceTitle "EXT 2018"]
[Source "ChessBase"]
[SourceDate "2017.10.13"]
[SourceVersion "1"]
[SourceVersionDate "2017.10.13"]
[SourceQuality "1"]

1. e4 e5 2. Nf3 Nc6 3. Bc4 Nf6 4. 0-0 Nxe4 5. d4 d5 6. Bb5 Bd7 7. Bxc6 Bxc6 8. Nxe5 Bb5 9. Re1 Qf6 10. f3 Ng5 11. Ng4+ Qe7 12. Bxg5 Qe6 13. Nc3 Bd7 14. Nxd5 Bd6 15. Rxe6+ Bxe6 16. Nf4 Bxg4 17. fxg4 f6 18. Qe2+ Be7 19. Nd5 0-0 20. Nxe7+ Kh8 21. Qe4 fxg5 22. Re1 Rf4 23. Qe5 Rff8 24. Re3 Rae8 25. Qe4 g6 26. Qe5+ Rf6 27. Qxf6# 1-0

[Event "POR-ch Seniors 50+"]
[Site "Luso"]
[Date "2016.07.23"]
[Round "4"]
[White "Monteiro, Jose Macedo"]
[Black "Sousa, Carlos N Fantasia"]
[Result "1-0"]
[WhiteElo "1868"]
[BlackElo "1711"]
[PlyCount "47"]
[EventDate "2016.07.21"]
[EventType "swiss"]
[EventRounds "5"]
[EventCountry "POR"]
[SourceTitle "EXT 2018"]
[Source "ChessBase"]
[SourceDate "2017.10.13"]
[SourceVersion "1"]
[SourceVersionDate "2017.10.13"]
[SourceQuality "1"]

1. e4 e6 2. d4 d5 3. Nc3 Bb4 4. exd5 exd5 5. Bd3 Nf6 6. a3 Bxc3+ 7. bxc3 c5 8. dxc5 Qa5 9. Ne2 Qxc5 10. a4 Bg4 11. f3 Be6 12. Ba3 Qc7 13. 0-0 h5 14. Qd2 Nbd7 15. Nd4 0-0-0 16. Kh1 Ne5 17. Nb5 Nc4 18. Bxc4 dxc4 19. Qf2 Qe5 20. Nxa7+ Kb8 21. Rab1 Qc7 22. Nb5 Qa5 23. Bb4 Qa6 24. Qg3+ 1-0

[Event "Coimbra Queima das Fitas op"]
[Site "Coimbra"]
[Date "2016.04.25"]
[Round "6"]
[White "Monteiro, Jose Macedo"]
[Black "Carvalho, Vitor Manuel Moreir"]
[Result "1-0"]
[WhiteElo "1896"]
[BlackElo "1512"]
[PlyCount "73"]
[EventDate "2016.04.22"]
[EventType "swiss"]
[EventRounds "7"]
[EventCountry "POR"]
[SourceTitle "EXT 2018"]
[Source "ChessBase"]
[SourceDate "2017.10.13"]
[SourceVersion "1"]
[SourceVersionDate "2017.10.13"]
[SourceQuality "1"]

1. e4 c6 2. d4 d5 3. Nc3 dxe4 4. Nxe4 Bf5 5. Ng3 Bg6 6. Nh3 e5 7. dxe5 Qxd1+ 8. Kxd1 Nd7 9. f4 h6 10. f5 Bh7 11. Bf4 0-0-0 12. Bd3 Nc5 13. Nf2 Ne7 14. f6 Nxd3 15. Nxd3 Nd5 16. Bd2 gxf6 17. exf6 Nxf6 18. Bc3 Bg7 19. Rf1 Rd6 20. Nf5 Bxf5 21. Rxf5 Re8 22. Rf3 c5 23. b3 b5 24. Kc1 c4 25. bxc4 bxc4 26. Ne5 Nh5 27. Nxf7 Rb6 28. Bxg7 Nxg7 29. Kd2 Rbe6 30. Raf1 Kc7 31. R1f2 R8e7 32. Rf6 Ne8 33. Rxh6 Rd7+ 34. Kc3 Rxh6 35. Nxh6 Nd6 36. Rf4 Rh7 37. Ng4 1-0

[Event "Famalicao op 3rd"]
[Site "Famalicao"]
[Date "2015.08.04"]
[Round "4"]
[White "Monteiro, Jose Macedo"]
[Black "Dias, Paulo Jorge Guimara"]
[Result "0-1"]
[WhiteElo "1896"]
[BlackElo "2390"]
[PlyCount "104"]
[EventDate "2015.08.02"]
[EventType "swiss"]
[EventRounds "7"]
[EventCountry "POR"]
[SourceTitle "CBM 167 Extra"]
[Source "ChessBase"]
[SourceDate "2015.09.14"]
[SourceVersion "1"]
[SourceVersionDate "2015.09.14"]
[SourceQuality "1"]

1. e4 c5 2. Nc3 Nc6 3. Bb5 g6 4. Bxc6 dxc6 5. d3 Bg7 6. Be3 b6 7. Qd2 e5 8. Nge2 Nf6 9. h3 0-0 10. Bh6 Ne8 11. Bxg7 Nxg7 12. 0-0 Ne6 13. Rad1 Nd4 14. f4 f6 15. Nb1 Nxe2+ 16. Qxe2 exf4 17. Rxf4 Qd4+ 18. Qf2 Qxb2 19. d4 cxd4 20. Rxf6 Ba6 21. e5 d3 22. Rf1 Qb4 23. c3 Qc5 24. Qxc5 bxc5 25. Nd2 Bb7 26. Rxf8+ Rxf8 27. Rxf8+ Kxf8 28. Kf2 Ke7 29. Ke3 Ke6 30. Kxd3 Kxe5 31. Ke3 Bc8 32. Nf3+ Kd5 33. Nd2 g5 34. c4+ Ke5 35. Ne4 Be6 36. Nxg5 Bxc4 37. a3 Bg8 38. g3 c4 39. Ne4 Be6 40. Ng5 Bf5 41. g4 Bg6 42. h4 c3 43. h5 c2 44. Kd2 Bd3 45. Nf7+ Kf6 46. Nd8 Be4 47. Nb7 Kg5 48. Nc5 Bd5 49. Kxc2 Kxg4 50. Kd2 Kxh5 51. Ke2 Kg5 52. Kf2 Kf5 0-1

[Event "Famalicao op 3rd"]
[Site "Famalicao"]
[Date "2015.08.03"]
[Round "3"]
[White "Monteiro, Jose Macedo"]
[Black "Pipiras, Filipa Fortuna"]
[Result "1-0"]
[WhiteElo "1896"]
[BlackElo "1356"]
[PlyCount "59"]
[EventDate "2015.08.02"]
[EventType "swiss"]
[EventRounds "7"]
[EventCountry "POR"]
[SourceTitle "CBM 167 Extra"]
[Source "ChessBase"]
[SourceDate "2015.09.14"]
[SourceVersion "1"]
[SourceVersionDate "2015.09.14"]
[SourceQuality "1"]

1. e4 e5 2. Nf3 Nc6 3. d4 exd4 4. Nxd4 Bc5 5. Nxc6 bxc6 6. Bd3 Nf6 7. 0-0 h6 8. Nc3 0-0 9. e5 Nd5 10. Nxd5 cxd5 11. Qf3 c6 12. Qf5 g6 13. Qf4 h5 14. Qh6 Re8 15. Bxg6 fxg6 16. Qxg6+ Kh8 17. Qxh5+ Kg8 18. Qg6+ Kh8 19. Bg5 Be7 20. Bf6+ Bxf6 21. exf6 Re7 22. fxe7 Qxe7 23. Rfe1 Qf8 24. Re8 Qxe8 25. Qxe8+ Kg7 26. Re1 d6 27. Re7+ Kf6 28. Qf8+ Kg6 29. Rg7+ Kh6 30. Qh8# 1-0

[Event "POR-chT Districts"]
[Site "Pombal"]
[Date "2015.07.05"]
[Round "4.1"]
[White "Monteiro, Jose Macedo"]
[Black "Pintor, Simao Maciel Abranc"]
[Result "0-1"]
[WhiteElo "1914"]
[BlackElo "2062"]
[PlyCount "104"]
[EventDate "2015.07.04"]
[EventType "team-swiss"]
[EventRounds "4"]
[EventCountry "POR"]
[SourceTitle "EXT 2018"]
[Source "ChessBase"]
[SourceDate "2017.10.13"]
[SourceVersion "1"]
[SourceVersionDate "2017.10.13"]
[SourceQuality "1"]
[WhiteTeam "Braga"]
[BlackTeam "Porto"]
[WhiteTeamCountry "POR"]
[BlackTeamCountry "POR"]

1. e4 c5 2. Nc3 Nc6 3. Bb5 Nd4 4. Nge2 Nxb5 5. Nxb5 d6 6. 0-0 Nf6 7. d3 g6 8. Na3 Bg7 9. c3 0-0 10. Bg5 Rb8 11. Qd2 Re8 12. Bh6 Bh8 13. h3 b5 14. Nc2 a5 15. Ne3 c4 16. Ng3 cxd3 17. Qxd3 b4 18. c4 Nd7 19. Rab1 Nc5 20. Qd2 Bb7 21. f3 Qb6 22. Kh1 Ne6 23. Rfd1 Qd4 24. Ne2 Qe5 25. Nd5 Qh5 26. Be3 Qe5 27. Qd3 h5 28. f4 Qg7 29. f5 Nc5 30. Qc2 Qe5 31. Rd4 gxf5 32. Bf4 Qg7 33. exf5 e5 34. fxe6 fxe6 35. Bxd6 exd5 36. Bxc5 Rbc8 37. Bb6 Re6 38. c5 Rxb6 39. Rf1 Rbc6 40. Qf5 Rf6 41. Qb1 Rxf1+ 42. Qxf1 Re8 43. Rd2 Rf8 44. Qg1 Qf7 45. Qe3 Qf1+ 46. Kh2 Qf5 47. Qg3+ Kh7 48. Qh4 Bf6 49. Qe1 h4 50. Nd4 Qf4+ 51. Kh1 Bxd4 52. Rxd4 Qxd4 0-1

[Event "Famalicao op 2nd"]
[Site "Famalicao"]
[Date "2014.09.01"]
[Round "1"]
[White "Ribeiro, Orlando Camilo Duar"]
[Black "Monteiro, Jose Macedo"]
[Result "0-1"]
[WhiteElo "1309"]
[BlackElo "1924"]
[PlyCount "80"]
[EventDate "2014.09.01"]
[EventType "swiss"]
[EventRounds "7"]
[EventCountry "POR"]
[SourceTitle "EXT 2018"]
[Source "ChessBase"]
[SourceDate "2017.10.13"]
[SourceVersion "1"]
[SourceVersionDate "2017.10.13"]
[SourceQuality "1"]

1. e4 e5 2. Nf3 Nf6 3. Nxe5 d6 4. Nf3 Nxe4 5. Nc3 Nxc3 6. dxc3 Be7 7. Be3 Bg4 8. h3 Bh5 9. g4 Bg6 10. Bd3 Nd7 11. Qe2 Nf6 12. Bd4 0-0 13. 0-0-0 Re8 14. Rhe1 Nd5 15. Kb1 Nf4 16. Qf1 Nxd3 17. cxd3 c5 18. Be3 c4 19. Ka1 Bxd3 20. Rxd3 cxd3 21. Qxd3 Bf6 22. a3 h6 23. Rd1 Qa5 24. Nd2 Qa4 25. Nf3 Rac8 26. Rc1 Rc6 27. Ka2 a6 28. Bd4 Bxd4 29. Nxd4 Qc4+ 30. Qxc4 Rxc4 31. b3 Rc5 32. c4 d5 33. a4 dxc4 34. bxc4 Ree5 35. Nf5 Rxc4 36. Rb1 Rxa4+ 37. Kb3 Rb5+ 38. Kxa4 Rxb1 39. Ka5 Ra1+ 40. Kb4 b5 0-1

[Event "POR-ch prel"]
[Site "Famalicao"]
[Date "2014.07.08"]
[Round "3"]
[White "Diogo, Vasco Andre Marcalo"]
[Black "Monteiro, Jose Macedo"]
[Result "1-0"]
[WhiteElo "2212"]
[BlackElo "1905"]
[PlyCount "41"]
[EventDate "2014.07.06"]
[EventType "swiss"]
[EventRounds "9"]
[EventCountry "POR"]
[SourceTitle "EXT 2015"]
[Source "ChessBase"]
[SourceDate "2014.11.20"]
[SourceVersion "1"]
[SourceVersionDate "2014.11.20"]
[SourceQuality "1"]

1. e4 c5 2. Nf3 d6 3. d4 cxd4 4. Nxd4 Nf6 5. Nc3 a6 6. Bg5 e6 7. f4 Be7 8. Qf3 Qc7 9. 0-0-0 Nbd7 10. Kb1 b5 11. Bxf6 Bxf6 12. Ndxb5 axb5 13. Nxb5 Qa5 14. Nxd6+ Kf8 15. Bc4 Nb6 16. Bb3 Bd7 17. e5 Be7 18. f5 exf5 19. Nxf7 Rg8 20. Nd6 Qxe5 21. Nc4 1-0

[Event "POR-ch prel"]
[Site "Famalicao"]
[Date "2014.07.07"]
[Round "2"]
[White "Monteiro, Jose Macedo"]
[Black "Oliveira, Maria Alice Ramos"]
[Result "1-0"]
[WhiteElo "1905"]
[BlackElo "1521"]
[PlyCount "59"]
[EventDate "2014.07.06"]
[EventType "swiss"]
[EventRounds "9"]
[EventCountry "POR"]
[SourceTitle "EXT 2015"]
[Source "ChessBase"]
[SourceDate "2014.11.20"]
[SourceVersion "1"]
[SourceVersionDate "2014.11.20"]
[SourceQuality "1"]

1. e4 e5 2. Nf3 Nc6 3. Bc4 Bc5 4. c3 Nf6 5. d3 a6 6. h3 Ba7 7. Bb3 d6 8. Nbd2 0-0 9. Nf1 Ne7 10. Ng3 Ng6 11. 0-0 h6 12. d4 Qe7 13. Re1 Bd7 14. Nf5 Qd8 15. g4 Nh7 16. Be3 Re8 17. Qd2 exd4 18. Bxd4 Ne5 19. Bxe5 dxe5 20. Qd5 Be6 21. Qxe5 Nf6 22. Rad1 Bd7 23. Qf4 Qc8 24. Nxh6+ gxh6 25. Qxf6 Be6 26. Qxh6 Bxb3 27. axb3 Re6 28. Qf4 Qe8 29. Rd5 Rd8 30. Qg5+ 1-0

[Event "Famalicao op 1st"]
[Site "Famalicao"]
[Date "2013.08.30"]
[Round "9.10"]
[White "Fernandes, Claudio Micael Sous"]
[Black "Monteiro, Jose Macedo"]
[Result "1-0"]
[WhiteElo "1626"]
[BlackElo "1903"]
[PlyCount "88"]
[EventDate "2013.08.26"]
[EventType "swiss"]
[EventRounds "9"]
[EventCountry "POR"]
[SourceTitle "EXT 2015"]
[Source "ChessBase"]
[SourceDate "2014.11.20"]
[SourceVersion "1"]
[SourceVersionDate "2014.11.20"]
[SourceQuality "1"]

1. e4 e5 2. Nf3 Nf6 3. Nxe5 d6 4. Nf3 Nxe4 5. Nc3 Nxc3 6. dxc3 Be7 7. Bf4 Be6 8. Qd2 Nc6 9. 0-0-0 Qd7 10. Kb1 0-0-0 11. Bb5 a6 12. Ba4 b5 13. Bb3 Na5 14. Bxe6 fxe6 15. b3 Nc6 16. Rhe1 h6 17. Nd4 e5 18. Nxc6 Qxc6 19. Be3 Bf6 20. g3 d5 21. f4 d4 22. cxd4 exd4 23. Bf2 Rd6 24. Qd3 Re8 25. Rxe8+ Qxe8 26. Re1 Qc6 27. Re4 Kb7 28. Bxd4 Rxd4 29. Rxd4 Qh1+ 30. Qd1 Qc6 31. Rd3 b4 32. Qf3 Qxf3 33. Rxf3 Bd4 34. Kc1 Kc6 35. Kd2 Kd5 36. Kd3 Bg1 37. h3 Bd4 38. f5 a5 39. g4 c5 40. Rf4 Bf6 41. Re4 a4 42. bxa4 Bd8 43. c4+ bxc3 44. Re8 c4+ 1-0